Colours in Movies - Statistics

General Stats
  • This quiz has been taken 29 times
  • The average score is 12 of 14
Answer Stats
Picture Answer % Correct
Black Panther
96%
Blue Beetle
96%
Red Riding Hood
96%
Harold And The Purple Crayon
93%
The Pink Panther
93%
Green Zone
89%
Snow White & The Huntsman
89%
Yellow Submarine
89%
Fifty Shades Of Grey
86%
A Clockwork Orange
82%
Kingsman: The Golden Circle
79%
Jackie Brown
75%
Silver Linings Playbook
71%
Blue Jasmine
21%
No matching quizzes found
Score Distribution
Percent of People with Each Score
Percentile by Number Answered
Your Score History
You have not taken this quiz